| 000 | 00498nam a22001817a 4500 | ||
|---|---|---|---|
| 003 | NUST - PNEC | ||
| 005 | 20170116180818.0 | ||
| 008 | 150611b xxu||||| |||| 00| 0 eng d | ||
| 020 | _a0201510014 | ||
| 040 | _cLIBRARY | ||
| 082 | _a510 CRA | ||
| 100 |
_93853 _aCrandall, Richard E |
||
| 245 |
_aMathematica for the sciences _cRichard E. Crandall |
||
| 260 |
_aNew York _bAddison Wesley Publishing Company _cc1991. |
||
| 300 | _a300 p. : | ||
| 650 |
_93854 _aMathematica _xME |
||
| 942 |
_2ddc _cBK |
||
| 999 |
_c63611 _d63611 |
||